000 01044 a2200217 4500
001 29569
005 20260407155605.0
008 260407a1973 arg spa d
003 AR-UNSa-BCEJYS
040 _aAR-UNSa-BCEJYS
_bspa
_cAR-UNSa-BCEJYS
080 _a347.44
_xContratos en general. Obligaciones
245 1 0 _aManual de contratos
250 _a6a. ed.
264 1 _aBuenos Aires :
_bPerrot
_c1973
300 _a966 p.
_c23 cm.
505 _a1. Nociones Generales - 2. El consentimiento en los contratos - 3. Elementos de los contratos - 4. Efectos de los contratos - 5. Resolución y extinción de los contratos - 6. Compraventa y permuta - 7. Cesión de derechos - 8. Locación de cosas - 9. Contrato de trabajo - 10. Locación de obra - 11. Sociedad - 12. Donación - 13. Mandato - 14. Gestión de negocios ajenos sin mandato - 15. Fianza - 16. Contratos aleatorios - 17. Depósito - 18. Préstamos - 19. Evicción
041 _aspa
942 _cBK
590 _aniveau_biblio:m niveau_hierar:0
100 1 _aBorda, Guillermo A.
999 _c1893
_d1893